Obras de Santa Teresa de Jesús, fundadora de la reforma de la orden de Nuestra señora del Carmen

Detalles Bibliográficos
Formato: Libro
Publicado: Barcelona 1852
Materias:
Colección:Banco de datos
Acervo:Biblioteca del Ex Convento de Nuestra Señora de Guadalupe. Zacatecas
Descripción Física:t. V
Tema general:Ascética
Notas:Buena. XIV,3,16 (4748)
LEADER 00695nam a22001930004500
035 |a 46074 
036 |a 7258 
245 1 0 |a Obras de Santa Teresa de Jesús, fundadora de la reforma de la orden de Nuestra señora del Carmen 
260 |a Barcelona  |b imp. Pablo Riera  |c 1852 
300 |a t. V 
500 |a Buena. XIV,3,16 (4748) 
650 1 0 |a Ascética 
949 |a CRZ-CG 
959 |a Ex convento de Nuestra Señora de Guadalupe, Museo Regional de Zacatecas, Zacatecas  |b CCC4 
960 |a Convento de Nuestra Señora de Guadalupe, Zacatecas  |b DD87 
961 |a Franciscana  |b OF 
942 |c CRZ-CG 
943 |g Biblioteca del Ex Convento de Nuestra Señora de Guadalupe. Zacatecas 
999 |c 970201  |d 970201